Quizzes
Events
Quiz Creation
Community
Videos
Private Events
Remove Ads
Sign In
Join for FREE
Feedback
Dark Mode
Quiz Categories
Sports
Geography
Music
Movies
Television
Just For Fun
Miscellaneous
History
Literature
Language
Science
Gaming
Entertainment
Religion
Holiday
For Kids
Quiz Lab
Recent
Popular Today
Quiz Kudos Today
Editor Picks
Curator Picks
Quizzes by...
Day
Popularity
Type
Ratings
Length
Year
Community
Subscriptions
Recent Discussions
Orange Saloon
Badges
Playlists
Quests
Create
Leaderboards
Showdown
Live 5
Trivia Bingo
Activity
Puzzle Library
Sporcle Events
Private Events
Virtual Trivia
Globe League
Become a Host
Pub Owners
SporcleCon
Opinionation
Our Games
Videos
Blog
Mobile Apps
Partnerships
Remove Ads and Go Orange
Feedback
Sports
Athletes
MLB
NBA
NHL
NFL
Soccer
Sports Teams
WWE
NCAA
Football
Premier League
Basketball
Baseball
Hockey
Golf
Tennis
Cricket
Rugby
Auto Racing
Olympics
World Cup
Sports
Athletes
MLB
NBA
NHL
NFL
Soccer
Sports Teams
WWE
NCAA
Football
Premier League
Basketball
Baseball
Hockey
Golf
Tennis
Cricket
Rugby
Auto Racing
Olympics
World Cup
Random Quiz
Search Sporcle
×
Quiz Lab
Quiz Lab
Sports
Auto Racing
Type in answers that appear in a list
Type in answers that appear in a list
Classic
Best Score? Go Orange.
F1 Teams 2000-2023 Stats
Can you name the F1 Teams 2000-2023?
By
TheMadDan
15m
256 Questions
1,651 Plays
1,651 Plays
1,651 Plays
Comments
Comments
Give Quiz Kudos
Give Quiz Kudos
-
- Ratings
hide this ad
Forced Order
Answers have to be entered in order
Answers have to be entered in order
Replay
Link that replays current quiz
Next Quiz
Link to next quiz in quiz playlist
You Got
0%
They Got
Avg Score
45%
Avg Friend Score
Upgrade to see
Score Distribution
Jump to the score distribution portion of the page
Score
0/256
Timer
15:00
2
Plays Today
Year
Team
% Correct
2000
Scuderia Ferrari Marlboro
92.9%
2000
West McLaren Mercedes
87.9%
2000
BMW WilliamsF1 Team
80.4%
2001
Scuderia Ferrari Marlboro
70.5%
2023
Oracle Red Bull Racing
68.7%
2023
Mercedes-AMG Petronas F1 Team
68.7%
2023
Scuderia Ferrari
68.7%
2001
West McLaren Mercedes
67.4%
2002
Scuderia Ferrari Marlboro
67.4%
2023
McLaren F1 Team
67.2%
2000
Mild Seven Benetton Playlife
65.7%
2023
Aston Martin Aramco Cognizant F1 Team
65.7%
2023
BWT Alpine F1 Team
65.7%
2003
Scuderia Ferrari Marlboro
65.6%
2001
BMW WilliamsF1 Team
65.2%
2004
Scuderia Ferrari Marlboro
65.2%
2005
Mild Seven Renault F1 Team
64.6%
2023
Williams Racing
64.2%
2006
Mild Seven Renault F1 Team
63.6%
2002
West McLaren Mercedes
63.2%
2002
BMW WilliamsF1 Team
63%
2007
Scuderia Ferrari Marlboro
62.5%
2000
Benson and Hedges Jordan
62.1%
2005
West McLaren Mercedes
61.8%
2000
Telefónica Minardi Fondmetal
61.5%
2000
Lucky Strike Reynard BAR Honda
61.5%
2005
Scuderia Ferrari Marlboro
61.5%
2006
Scuderia Ferrari Marlboro
61.2%
2023
Scuderia AlphaTauri
61.2%
2003
West McLaren Mercedes
61.2%
2008
Scuderia Ferrari Marlboro
61%
2003
BMW WilliamsF1 Team
60.9%
2006
Team McLaren Mercedes
60.1%
2009
Brawn GP F1 Team
60%
2023
Alfa Romeo F1 Team Stake
59.7%
2010
Red Bull Racing
59.7%
2000
Red Bull Sauber Petronas
58.6%
2008
Vodafone McLaren Mercedes
58.6%
2012
Red Bull Racing
58.6%
2013
Infiniti Red Bull Racing
58.4%
2001
Red Bull Sauber Petronas
58.3%
2003
Mild Seven Renault F1 Team
58.3%
2014
Mercedes AMG Petronas F1 Team
58.3%
2000
Jaguar Racing
58.3%
2009
Red Bull Racing
58.3%
2023
MoneyGram Haas F1 Team
58.2%
2002
Mild Seven Renault F1 Team
58.2%
2022
Oracle Red Bull Racing
58%
2004
West McLaren Mercedes
58%
2004
Mild Seven Renault F1 Team
58%
2011
Red Bull Racing
58%
2015
Mercedes AMG Petronas F1 Team
57.8%
2004
BMW WilliamsF1 Team
57.7%
2016
Mercedes AMG Petronas Formula One Team
57.6%
2010
Vodafone McLaren Mercedes
57.5%
2010
Scuderia Ferrari Marlboro
57.4%
2004
Lucky Strike BAR Honda
57.1%
2001
B&H Jordan Honda
57%
2015
Scuderia Ferrari
56.9%
2000
Arrows F1 Team
56.9%
2009
Vodafone McLaren Mercedes
56.8%
2001
European Minardi F1
56.7%
2020
Mercedes-AMG Petronas F1 Team
56.7%
2014
Infiniti Red Bull Racing
56.6%
2009
Scuderia Ferrari Marlboro
56.4%
2022
Scuderia Ferrari
56.4%
2018
Mercedes AMG Petronas Motorsport
56.4%
2000
Gauloises Prost Peugeot
56.3%
2016
Red Bull Racing
56.2%
2007
Vodafone McLaren Mercedes
56.1%
2012
Scuderia Ferrari
56.1%
2016
Scuderia Ferrari
56.1%
2020
Aston Martin Red Bull Racing
56.1%
2002
Sauber Petronas
56%
2001
Lucky Strike BAR Honda
55.8%
2005
BMW WilliamsF1 Team
55.8%
2022
McLaren F1 Team
55.7%
2018
Scuderia Ferrari
55.6%
2013
Scuderia Ferrari
55.6%
2019
Mercedes AMG Petronas Motorsport
55.5%
2011
Vodafone McLaren Mercedes
55.5%
2021
Scuderia Ferrari Mission Winnow
55.4%
2019
Scuderia Ferrari
55.4%
2013
Mercedes AMG Petronas F1 Team
55.3%
2020
McLaren F1 Team
55.3%
2022
Mercedes-AMG Petronas F1 Team
55.2%
Year
Team
% Correct
2022
BWT Alpine F1 Team
55.2%
2017
Mercedes AMG Petronas Motorsport
55.2%
2002
DHL Jordan Honda
55.2%
2011
Scuderia Ferrari Marlboro
55.2%
2012
Vodafone McLaren Mercedes
55.2%
2003
Lucky Strike BAR Honda
55.1%
2021
Mercedes-AMG Petronas F1 Team
55%
2021
Red Bull Racing Honda
55%
2001
Jaguar Racing
55%
2001
Mild Seven Benetton Renault
54.9%
2014
Scuderia Ferrari
54.9%
2018
Aston Martin Red Bull Racing
54.8%
2002
Go KL Minardi Asiatech
54.7%
2022
Williams Racing
54.5%
2021
McLaren F1 Team
54.4%
2006
Lucky Strike Honda Racing F1 Team
54.3%
2019
Aston Martin Red Bull Racing
54.3%
2003
European Minardi Cosworth
54.1%
2014
Williams Martini Racing
54.1%
2017
Scuderia Ferrari
54%
2015
Infiniti Red Bull Racing
54%
2015
Williams Martini Racing
53.9%
2003
Sauber Petronas
53.9%
2020
Scuderia Ferrari
53.9%
2002
Lucky Strike BAR Honda
53.8%
2005
Lucky Strike BAR Honda
53.8%
2002
Jaguar Racing
53.6%
2005
Minardi F1 Team
53.6%
2004
Sauber Petronas
53.4%
2004
Minardi Cosworth
53.3%
2001
Orange Arrows Asiatech
53.2%
2005
Panasonic Toyota Racing
52.9%
2021
Alpine F1 Team
52.9%
2003
Jordan Ford
52.9%
2017
Red Bull Racing
52.9%
2020
Renault DP World F1 Team
52.8%
2019
McLaren F1 Team
52.7%
2001
Prost Acer
52.7%
2020
Williams Racing
52.7%
2005
Red Bull Racing
52.7%
2021
Williams Racing
52.5%
2018
Renault Sport Formula One Team
52.5%
2005
Jordan Grand Prix
52.5%
2003
Jaguar Racing
52.4%
2010
Mercedes GP Petronas F1 Team
52.4%
2005
Sauber Petronas
52.4%
2007
ING Renault F1 Team
52.3%
2022
Aston Martin Aramco Cognizant F1 Team
52.2%
2004
Jordan Ford
52.2%
2019
Renault F1 Team
52.2%
2016
Williams Martini Racing
52.1%
2004
Jaguar Racing
51.9%
2007
BMW Sauber F1 Team
51.8%
2022
Alfa Romeo F1 Team Orlen
51.7%
2016
Sahara Force India Formula One Team
51.6%
2019
ROKiT Williams Racing
51.5%
2016
McLaren Honda Formula 1 Team
51.5%
2013
Vodafone McLaren Mercedes
51.3%
2008
BMW Sauber F1 Team
51.2%
2002
Orange Arrows
51.1%
2006
Red Bull Racing
51.1%
2014
McLaren Mercedes
51.1%
2022
Haas F1 Team
51%
2020
BWT Racing Point F1 Team
51%
2012
Lotus F1 Team
51%
2007
AT&T Williams
50.9%
2022
Scuderia AlphaTauri
50.8%
2012
Mercedes AMG Petronas F1 Team
50.8%
2008
ING Renault F1 Team
50.7%
2013
Lotus F1 Team
50.7%
2018
McLaren F1 Team
50.6%
2011
Mercedes GP Petronas F1 Team
50.6%
2020
Haas F1 Team
50.6%
2002
Panasonic Toyota Racing
50.5%
2006
Williams F1 Team
50.5%
2018
Williams Martini Racing
50.5%
2003
Panasonic Toyota Racing
50.4%
2004
Panasonic Toyota Racing
50.4%
2007
Red Bull Racing
50.3%
2015
Sahara Force India F1 Team
50.1%
2020
Alfa Romeo Racing Orlen
49.9%
2006
Scuderia Toro Rosso
49.8%
2010
Renault F1 Team
49.8%
2021
Aston Martin Cognizant F1 Team
49.7%
2021
Uralkali Haas F1 Team
49.7%
2008
Red Bull Racing
49.5%
Year
Team
% Correct
2020
Scuderia AlphaTauri Honda
49.5%
2021
Alfa Romeo Racing Orlen
49.3%
2015
McLaren Honda
49.3%
2019
Haas F1 Team
49.2%
2008
Scuderia Toro Rosso
49.1%
2016
Sauber F1 Team
49.1%
2018
Haas F1 Team
49.1%
2006
BMW Sauber F1 Team
49.1%
2019
Red Bull Toro Rosso Honda
49%
2019
SportPesa Racing Point F1 Team
49%
2021
Scuderia AlphaTauri Honda
49%
2007
Etihad Aldar Spyker F1 Team
48.8%
2016
Scuderia Toro Rosso
48.8%
2016
Renault Sport Formula One Team
48.8%
2006
MF1 Racing
48.7%
2014
Sahara Force India F1 Team
48.6%
2018
Racing Point Force India F1 Team
48.5%
2019
Alfa Romeo Racing
48.5%
2018
Red Bull Toro Rosso Honda
48.5%
2018
Alfa Romeo Sauber F1 Team
48.4%
2017
Williams Martini Racing
48.4%
2008
AT&T Williams
48.4%
2007
Scuderia Toro Rosso
48.3%
2012
Williams F1 Team
48.3%
2017
Sahara Force India F1 Team
48.2%
2006
Panasonic Toyota Racing
48.2%
2009
AT&T Williams
48.2%
2007
Honda Racing F1 Team
48.1%
2009
Panasonic Toyota Racing
47.9%
2015
Lotus F1 Team
47.9%
2010
AT&T Williams
47.8%
2013
Sahara Force India F1 Team
47.8%
2015
Manor Marussia F1 Team
47.8%
2016
Haas F1 Team
47.8%
2008
Honda Racing F1 Team
47.7%
2014
Sauber F1 Team
47.6%
2013
Williams F1 Team
47.6%
2015
Sauber F1 Team
47.6%
2014
Scuderia Toro Rosso
47.5%
2015
Scuderia Toro Rosso
47.5%
2008
Panasonic Toyota Racing
47.4%
2017
Renault Sport Formula One Team
47.2%
2017
McLaren Honda Formula 1 Team
47.2%
2008
Force India F1 Team
47.2%
2012
Sauber F1 Team
47.2%
2012
Scuderia Toro Rosso
47.2%
2011
Lotus Renault GP
47.1%
2012
Sahara Force India F1 Team
47.1%
2013
Sauber F1 Team
47%
2009
Force India F1 Team
46.9%
2009
Scuderia Toro Rosso
46.8%
2013
Scuderia Toro Rosso
46.8%
2017
Sauber F1 Team
46.8%
2010
Force India F1 Team
46.7%
2014
Lotus F1 Team
46.7%
2006
Super Aguri F1
46.5%
2007
Panasonic Toyota Racing
46.5%
2009
BMW Sauber F1 Team
46.5%
2016
Manor Racing MRT
46.4%
2009
ING Renault F1 Team
46.2%
2010
Scuderia Toro Rosso
45.9%
2011
AT&T Williams
45.9%
2017
Scuderia Toro Rosso
45.8%
2018
Sahara Force India F1 Team
45.7%
2014
Marussia F1 Team
45.7%
2011
Force India F1 Team
45.4%
2012
Caterham F1 Team
45.4%
2011
Scuderia Toro Rosso
45.2%
2014
Caterham F1 Team
45.2%
2011
Sauber F1 Team
45.1%
2013
Marussia F1 Team
45%
2013
Caterham F1 Team
45%
2017
Haas F1 Team
45%
2012
HRT Formula 1 Team
44.8%
2007
Super Aguri F1
44.7%
2012
Marussia F1 Team
44.5%
2008
Super Aguri F1 Team
44.4%
2010
Lotus Racing
44.4%
2011
Hispania Racing F1 Team
43.6%
2011
Marussia Virgin Racing
43.5%
2011
Team Lotus
43.3%
2010
Virgin Racing
43.2%
2010
BMW Sauber F1 Team
43.1%
2010
Hispania Racing F1 Team
41.5%
Quiz Playlist
Details
Report
Send in Message
Add To Playlist
Classic:
Type in answers that appear in a list
Forced Order:
Answers have to be entered in order
Last Updated: Jan 15, 2024
Quiz Scoreboard
CHALLENGE
Sign Up to Join the Scoreboard
Show All
Scores
Hide
Comments
May contain spoilers
Recently Published
College Basketball Coaching Resumes
by pancakes188
Sports
9m
Billboard Blitz: Fleetwood Mac
by CooCooCachoo
Music
15s
Presidents Visiting Landmarks
by Hejman
History
7m
More to Explore
Quiz From the Vault
Featured Blog Post
Where Did the Easter Bunny Come From?
hide this ad
You Might Also Like...
Tags
Auto Racing Quiz
Formula 1
Formula One
Today's Top Quizzes in Sports
Browse Sports
hide this ad
Today's Top Quizzes in Auto Racing
Browse Auto Racing
Top Contributed Quizzes in Sports
1
2022 World Cup Stars
2
Les meilleurs buteurs des matchs entre le PSG et l’OM
3
FIFA Club World Cup Champions
4
Les entraîneurs de l'OM et du PSG au 21e siècle
5
Criteria MLB: Left Handed Sluggers
6
AFC Teams Reveal (Wrong Answers Minefield)
7
5-to-1: UK Sports Teams
8
5-to-1: FBS Animal Nicknames
9
2023 MLB Unique Player Accomplishments
10
Name the Premier League winners with different clubs
Explore More
Trending Topics
Kpop
Crossword
Harry Potter
Disney
Anime
NBA
Marvel
Soccer
Puzzle
NFL
The Office
Country
Pokémon
WWE
Song
hide this ad
More By:
TheMadDan
Quiz
Plays
Rating
Category
Featured
Created
F1 Drivers 2010-2023
100,706
4.74
Sports
Mar 17, 2017
Formula 1 Top 10 2010-2022
14,305
4.50
Sports
Jan 27, 2015
F1 Drivers 2000-2009
9,251
4.54
Sports
Mar 14, 2017
F1 Drivers 1995-1999
5,013
5.00
Sports
Feb 14, 2019
F1 Drivers 1990-1994
3,510
4.14
Sports
Feb 18, 2019
Go to Creator's Profile
Score Distribution
Quiz Creator Spotlight
TheMadDan
Follow
Send a Message
Quizzes Created
-
Created Quiz Play Count
-
More By This Creator
Popular Quizzes Today
1
Find the US States - No Outlines Minefield
2
Find the Countries of Europe - No Outlines Minefield
3
The Countries of the World
4
Find the US States
5
Risky Map Clicking: Biggest States A-Z
6
US States
7
Popular People in 1961
8
Movies - When Are They Set?
More Sports Quizzes
Manchester United's Treble Trivia 1998-99
Quiz Lab
Trending Quizzes
Risky Map Clicking: Least Populous States A-Z
1-10 Letter G Words
1-10 Letter F Words
Risky Map Clicking: Next State Alphabetically
Risky Map Clicking: Biggest States A-Z
Recently Updated
Leaping Animals
pecheneg
Reality TV Shows (A-Z)
bhenderson79
Rickey Henderson's Hall of Fame Teammates
pecheneg
Champions League XIs: Arsenal
pecheneg
Quick Pick: Celebrities in WWE's Hall of Fame
aduchscher
A-Z Keypad Blitz II
pecheneg
Multiple Oscar Actors
pecheneg
Mystery Phrase Blitz: Oscar 'Best Actors'
pecheneg
F. Scott Fitzgerald Novels
LTH
Pick 3 Villains
ddd62291
Trending Topics
Crossword
Anime
Disney
Kpop
Harry Potter
Marvel
NBA
Pokémon
The Office
Song
Puzzle
Soccer
WWE
Country
NFL
Your Account Isn't Verified!
In order to create a playlist on Sporcle, you need to verify the email address you used during registration. Go to your
Sporcle Settings
to finish the process.
Report this User
Report this user for behavior that violates our
Community Guidelines
.
Details:
Send Report
Go to the Sporcle.com Mobile Site →
Comments